Detalles MARC
| 000 -CABECERA |
| campo de control de longitud fija |
01366nam a2200253 a 4500 |
| 001 - NÚMERO DE CONTROL |
| campo de control |
000045622 |
| 003 - IDENTIFICADOR DEL NÚMERO DE CONTROL |
| campo de control |
DO-SdBNP |
| 005 - FECHA Y HORA DE LA ÚLTIMA TRANSACCIÓN |
| campo de control |
20220930102145.0 |
| 007 - CAMPO FIJO DE DESCRIPCIÓN FÍSICA--INFORMACIÓN GENERAL |
| campo de control de longitud fija |
ta |
| 008 - DATOS DE LONGITUD FIJA--INFORMACIÓN GENERAL |
| campo de control de longitud fija |
150417s2012 dr r 000 0 spa d |
| 020 ## - NÚMERO INTERNACIONAL ESTÁNDAR DEL LIBRO |
| Número Internacional Estándar del Libro |
9789945479102 |
| 040 ## - FUENTE DE LA CATALOGACIÓN |
| Centro catalogador/agencia de origen |
DO-SdBNP |
| Lengua de catalogación |
spa |
| Centro/agencia transcriptor |
BNPHU |
| 082 #4 - NÚMERO DE LA CLASIFICACIÓN DECIMAL DEWEY |
| Número de clasificación |
342.73082 |
| Número de documento/Ítem |
B431m |
| Número de edición |
22 |
| 100 1# - ENTRADA PRINCIPAL--NOMBRE DE PERSONA |
| Nombre de persona |
Belisario Medina, Rafael |
| 9 (RLIN) |
73684 |
| 245 10 - MENCIÓN DE TÍTULO |
| Título |
Manual de derecho migratorio americano : |
| Resto del título |
instructivo sobre las leyes y regulaciones migratorias de los Estados Unidos de America / |
| Mención de responsabilidad, etc. |
Rafael Belisario Medina ; prólogo Juan Freddy Armando. |
| 260 ## - PUBLICACIÓN, DISTRIBUCIÓN, ETC. |
| Lugar de publicación, distribución, etc. |
Santo Domingo : |
| Nombre del editor, distribuidor, etc. |
Fundación Dominico-Americana de Inmigrantes, |
| Fecha de publicación, distribución, etc. |
2012. |
| 300 ## - DESCRIPCIÓN FÍSICA |
| Extensión |
657 p. ; |
| Dimensiones |
24 cm. |
| 500 ## - NOTA GENERAL |
| Nota general |
Incluye datos biográficos del autor en las solapas |
| 505 0# - NOTA DE CONTENIDO CON FORMATO |
| Nota de contenido con formato |
Historia legislativa y desarrollo del derecho migratorio de los Estados Unidos de América -- |
| Información miscelánea |
Segunda parte : |
| Título |
Categorías de los visados americanos y sus procedimientos consulares -- |
| Información miscelánea |
Tercera parte : |
| Título |
Los procesos de deportación y exclusión en los Estados Unidos de América -- |
| Información miscelánea |
Cuarta parte : |
| Título |
Proceso de naturalización en los Estados Unidos de América -- |
| Información miscelánea |
Quinta parte : |
| Título |
Procesos de refugio y asilo en los Estados Unidos de América -- |
| 590 ## - NOTA LOCAL (RLIN) |
| Nota local |
Inventariado, 2020/BT |
| 700 12 - PUNTO DE ACCESO ADICIONAL--NOMBRE DE PERSONA |
| Nombre de persona |
Armando, Juan Freddy, |
| Término indicativo de función/relación |
pról. |
| 9 (RLIN) |
24389 |
| 910 ## - DATOS DE OPCIÓN DEL USUARIO (OCLC) |
| Datos de opción del usuario |
Validado. Control de calidad MFF |
| 942 ## - ELEMENTOS DE PUNTO DE ACCESO ADICIONAL (KOHA) |
| Fuente del sistema de clasificación o colocación |
Dewey Decimal Classification |
| Tipo de ítem Koha |
Libro |